000 00929cam a22002531 4500
001 3807
003 BD-RjUL
005 20211208233803.0
008 160730r19541952enk 000 0 eng
035 _a(BD-RjUL)3841
035 _a(OCoLC)187546
040 _aDLC
_cOAU
_dOCoLC
_dUk
_dDLC
_dBD-RjUL
_beng
041 _aeng
082 0 4 _223
_a 335.43
_bGOD 1954
245 0 4 _aThe god that failed /
_cWith an introd. by Richard Crossman.
260 _aNew York :
_bBantam,
_c c1950, 1949 [printing 1954].
300 _a272 p. ,
_c20 cm.
505 0 _aThe initiates: Arthur Koestler. Ignazio Silone. Richard Wright.--Worshippers from afar. André Gide presented by E. Starkle. Louis Fischer. Stephen Spender.
650 0 _aCommunism.
_912121
700 1 _aCrossman, R. H. S.
_q(Richard Howard Stafford),
_d1907-1974,
_eed.
_912122
700 1 _aKoestler, Arthur,
_d1905-1983.
_912123
942 _2ddc
_cBK
999 _c3807
_d3807